000 00642nam a2200193 4500
001 144052
003 ES-MaACL
005 20230906200931.0
007 t|
008 070214s1968 sp r ||||1| spa d
100 1 _aShrader, Robert L.
_9106165
245 1 0 _aComunicación electrónica /
_cRobert L. Shrader ; traducción y adaptación de Gustavo Nieto Taladriz, Luis F. Juste Iribarren.
250 _a2ª. ed.
260 _aMadrid :
_bEd. del Castillo,
_c1968.
300 _a672 p. :
_bil. ;
_c27 cm.
700 1 _aNieto Taladriz, Gustavo.
_985714
700 1 _aJuste Iribarren, Luis F.
_967352
852 _aES-MaACL
_jC-56913
_bR.68416
999 _c144052
_d144052